| 000 | 00424nam a2200181Ia 4500 | ||
|---|---|---|---|
| 005 | 20240823005151.0 | ||
| 008 | 240823s9999||||xx |||||||||||||| ||und|| | ||
| 041 | _aENGLISH | ||
| 082 | _A621.4022 N7 | ||
| 100 | _aKumar D S | ||
| 245 | 0 | _aHeat and Mass Transfer | |
| 250 | _a3rd | ||
| 260 |
_c1997 _b"S K Kataria,Delhi" |
||
| 500 | _aYES | ||
| 650 |
_aHeat _bAeronautical Engineering |
||
| 942 | _cBK | ||
| 999 |
_c154947 _d154947 |
||